Cultural criticism in Egyptian women's writing / (Record no. 16853)

MARC details
000 -LEADER
fixed length control field 02076cam a2200433 a 4500
001 - CONTROL NUMBER
control field 16946342
003 - CONTROL NUMBER IDENTIFIER
control field EG-ScBUE
005 - DATE AND TIME OF LATEST TRANSACTION
control field 20220227101343.0
008 - FIXED-LENGTH DATA ELEMENTS--GENERAL INFORMATION
fixed length control field 110902s2011 nyu f b 001 0 eng d
020 ## - INTERNATIONAL STANDARD BOOK NUMBER
International Standard Book Number 081563286X
020 ## - INTERNATIONAL STANDARD BOOK NUMBER
International Standard Book Number 9780815632863 (cloth : alk. paper)
040 ## - CATALOGING SOURCE
Original cataloging agency DLC
Language of cataloging eng
Description conventions rda
Transcribing agency DLC
Modifying agency DLC
-- EG-ScBUE
082 04 - DEWEY DECIMAL CLASSIFICATION NUMBER
Classification number 892.73099287
Edition number 22
Item number SEY
100 1# - MAIN ENTRY--PERSONAL NAME
Personal name Seymour-Jorn, Caroline,
Relator term author.
9 (RLIN) 30520
245 10 - TITLE STATEMENT
Title Cultural criticism in Egyptian women's writing /
Statement of responsibility, etc Caroline Seymour-Jorn.
250 ## - EDITION STATEMENT
Edition statement First edition.
264 #1 - PUBLICATION, DISTRIBUTION, ETC. (IMPRINT)
Place of publication, distribution, etc Syracuse, New York :
Name of publisher, distributor, etc Syracuse University Press,
Date of publication, distribution, etc 2011.
300 ## - PHYSICAL DESCRIPTION
Extent xli, 182 pages ;
Dimensions 22 cm.
336 ## - CONTENT TYPE
Source rdacontent
Content type term text
Content type code txt
337 ## - MEDIA TYPE
Source rdamedia
Media type term unmediated
Media type code n
338 ## - CARRIER TYPE
Source rdacarrier
Carrier type term volume
Carrier type code nc
490 0# - SERIES STATEMENT
Series statement Contemporary issues in the Middle East
504 ## - BIBLIOGRAPHY, ETC. NOTE
Bibliography, etc Includes bibliographical references and index.
505 0# - FORMATTED CONTENTS NOTE
Formatted contents note Introduction -- The 1970s writers in context -- Salwa Bakr: the poetics of marginalization -- Ebtihal Salem: journeys into memory and experience -- Nemat El-Behairy: writing transgression -- Radwa Ashour: fiction writing as a history of the subjective -- Etidal Osman: Egyptian women's writing and creativity -- Conclusion.
650 #7 - SUBJECT ADDED ENTRY--TOPICAL TERM
Topical term or geographic name as entry element Arabic fiction
Geographic subdivision Egypt
General subdivision History and criticism.
9 (RLIN) 30522
Source of heading or term BUEsh
650 #7 - SUBJECT ADDED ENTRY--TOPICAL TERM
Topical term or geographic name as entry element Arabic fiction
General subdivision Women authors
-- History and criticism.
9 (RLIN) 30523
Source of heading or term BUEsh
650 #7 - SUBJECT ADDED ENTRY--TOPICAL TERM
Topical term or geographic name as entry element Arabic fiction
Chronological subdivision 20th century
General subdivision History and criticism.
9 (RLIN) 30524
Source of heading or term BUEsh
650 #7 - SUBJECT ADDED ENTRY--TOPICAL TERM
Topical term or geographic name as entry element Women authors, Egyptian
Chronological subdivision 20th century
General subdivision Political and social views.
9 (RLIN) 30525
Source of heading or term BUEsh
650 #7 - SUBJECT ADDED ENTRY--TOPICAL TERM
Topical term or geographic name as entry element Literature and society
Geographic subdivision Egypt.
9 (RLIN) 30526
Source of heading or term BUEsh
650 #7 - SUBJECT ADDED ENTRY--TOPICAL TERM
Topical term or geographic name as entry element Women in literature.
9 (RLIN) 30527
Source of heading or term BUEsh
650 #7 - SUBJECT ADDED ENTRY--TOPICAL TERM
Topical term or geographic name as entry element Sex role in literature.
9 (RLIN) 30528
Source of heading or term BUEsh
650 #7 - SUBJECT ADDED ENTRY--TOPICAL TERM
Topical term or geographic name as entry element Social problems in literature.
9 (RLIN) 30529
Source of heading or term BUEsh
650 #7 - SUBJECT ADDED ENTRY--TOPICAL TERM
Topical term or geographic name as entry element Social conflict in literature.
9 (RLIN) 30530
Source of heading or term BUEsh
651 ## - SUBJECT ADDED ENTRY--GEOGRAPHIC NAME
Source of heading or term BUEsh
653 ## - INDEX TERM--UNCONTROLLED
Arrived date list July2012
Resource For college Arabic Literature
655 ## - INDEX TERM--GENRE/FORM
Form subdivision Reading book
9 (RLIN) 34232
942 ## - ADDED ENTRY ELEMENTS (KOHA)
Source of classification or shelving scheme Dewey Decimal Classification
Koha item type Book - Borrowing
Holdings
Withdrawn status Lost status Source of classification or shelving scheme Damaged status Not for loan Collection code Home library Current library Shelving location Date acquired Source of acquisition Cost, normal purchase price Serial Enumeration / chronology Total Checkouts Total Renewals Full call number Barcode Date last seen Date checked out Price effective from Koha item type
    Dewey Decimal Classification     Baccah Central Library Central Library Second Floor 11/07/2012   185.00 15359 6 26 892.73099287 SEY 000026955 15/07/2025 22/05/2024 11/07/2012 Book - Borrowing